01005 2200337 4500001002100000005001500021035002000036007000300056008004100059020002200100040002200122082001200144084001400156090001800170090002200188100003500210245009500245250003400340300004300374650002600417850001200443041000800455504003400463264003200497264002000529336002100549337003000570338002300600999002200623990002200645INLIS00000000084889720190627023009 a0010-0619000852ta190627t2019 yoia g ind  a978-602-453-241-3 aYOPDYOGbinderda04223a929 a929 JOK m aDEP 929 JOK m aCB-D.11 2017-31380 aJoko Darmawan,d1956-epenulis10aMengenal budaya nasional :btrah Raja-Raja Mataram di tanah Jawa /cpenulis, Joko Darmawan aCetakan Pertama: Agustus 2017 axiv, 121 halaman :bilustrasi ;c23 cm 4aSilsilah Raja Mataram aYOPDYOG0 aind aBibliografi : halaman 116-119 1aSleman :bDeepublish,c2017 4a© 2017 penulis 2rdacontentateks 2rdamediaatanpa perantara 2rdacarrieravolume aCB-D.11/2017-3138 aCB-D.11/2017-3138